000 01302nam a2200205 a 4500
008 100617t2013||||ag a|||g |||| pa1pj spa d
020 _a9789876043335
041 _aspa
092 _c808.8
_l29
_sGHI
100 1 _aGhiglione, Roberto
_93291
245 _aCuentos para antes de apagar la luz.
_b(20 expresiones cortas) /
_cRoberto Ghiglione.
250 _a1a ed.
260 _aNeuquén:
_bEDUCO;
_c2013.
300 _a63 p.
500 _aGhiglione, R. (2013). Cuentos para antes de apagar la luz. (20 expresiones cortas). (1a ed.). Neuquén : EDUCO.
505 _aDesde una prosa alegre y didáctica, el autor apela a sus conocimientos históricos, de alto contenido cultural, e incursiona en un ramillete de pasiones humanas. Algunas veces con remates inocentes, otras con perspectiva y sorpresa. Presenta cuentos salidos de las consignas, rápidos y comprometidos; cuentos modernos, ninguno vano. Todos invocan los problemas de nuestras vidas cotidianas y nos dejan sabor a fábula, a ejemplo. Se posan con ironía en las pesadillas diarias e invocan la soledad, el castigo, el agradecimiento, los prejuicios, la decencia, tragedia y crimen, sacrificio y amor, bondad y milagro...
590 _aProyecto 4to libro. Donación EDUCO, Septiembre 2017
655 _aCuentos
_92945
942 _2ddc
_cLIT
999 _c2452
_d2452